000 01002nam a22003017a 4500
008 130821s1954 sp gr spa
040 _aCo-BoUCM
_bspa
041 0 0 _aspa
092 _aFM 000710
100 _aOlgiati, Francisco
_9148641
245 0 0 _aSilabario del cristianismo
_cFrancisco Olgiati, versión de la vigésimoséptima edición italiana por Cipriano Monserrat
250 _a3a. ed
260 _aBarcelona (España)
_bLuis Gili
_c1954
300 _a254 páginas
500 _aIncluye bibliografía e índice. -- Este libro se encuentra en el depósito de la biblioteca
600 _aJesucristo
_91986
650 0 4 _aCristianismo
_912174
650 0 4 _aDogma
_913523
650 0 4 _aFe
_915612
650 0 4 _aLo sobrenatural
_918777
650 0 4 _aMisa
_919595
650 0 4 _aSacramentos
_923882
650 0 4 _aTeología dogmática
_925234
650 0 4 _aTrinidad
_925895
650 0 4 _aVida cristiana
_926223
700 _aMonserrat, Cipriano.
_eTr
_9148642
942 _cLIBRO
_a27
_e3
_n0
999 _c84616
_d84616